Arthrologie - Statistiques

Statistiques générales
  • Ce quiz a été pris 23 fois
    22 depuis la dernière actualisation
  • Le résultat moyen est 3 sur 47
Statistiques - réponses
% Correct
Type d’articulation très mobile synoviale
78%
Scapulo-humerale sphéroïde
33%
Combien de types d’articulations fibreuse 3
22%
Type d’articulation peu mobile cartilagineuse
22%
Articulation synoviale, sphere pleine dans une cupule spheroide
22%
Coxo-fémorale spheroide
22%
Humero-radiale sphéroïde
22%
Type d’articulation non mobile fibreuse
11%
liquide transparent et visqueux , coefficient de friction tres bas liquide synovial
11%
Carpo-metacarpienne du pouce selle
11%
Articulation fibreuse que pendant le développement suture
11%
Articulation synoviale, cylindre plein dans gouttière trochleene/ginglyme
11%
Articulation synoviale, cylindre plein dans cylindre creux trochoide
11%
Interface entre deux pièces osseuses complète bourrelets et disques
0%
Element de protection principal capsule
0%
Nourrit par le liquide synovial, granulométrie tres faible, protection de l’usure cartilage articulaire hyalin
0%
Fibrocartilage qui améliore congruence, augmente stabilité cartilage intermédiaire
0%
Ménisques du genou cartilage intermédiaire
0%
Bourrelet/Labrum acetubulaire cartilage intermédiaire
0%
Disques intervertébraux, ou entre os temporel et mandibule cartilage intermédiaire
0%
Articulation synoviale, ellipsoide/condylienne/condylaire
0%
Radio-carpienne ellipsoide/ condylienne/ condylaire
0%
Articulation synoviale, 2 concavites qui se regardent en selle
0%
Structure conjonctive tendue entre des pièces squelettiques qui assurent une solidité supplémentaire a l’articulation ligament
0%
Complexe musculo-tendino-ligamentare qui protege ligaments + muscles
0%
Interface incomplete ménisques du genou
0%
Articulation synoviale plane/arthrodie
0%
Costo-vertebrale plane/ arthrodie
0%
Acromio-claviculaire plane/ arthrodie
0%
Tibio-fibulaire plane/ arthrodie
0%
Proximale plane/ arthrodie
0%
Sterno-costo-claviculaire selle
0%
Voute du crane suture
0%
Articulation cartilagineuse x transitoire symphyse
0%
Symphyse pubienne symphyse
0%
Articulation cartilagineuse transitoire ( embryon +enfant) synchondrose
0%
Cartilage de croissance metaphysaire des os longs synchondrose
0%
Base du crane synchondrose
0%
Vertèbres primitives synchondrose
0%
Articulation fibreuse typique syndesmose
0%
Tibia-fibulaire distale syndesmose
0%
Espace de glissement syssarcose
0%
Scapulo-thoracique syssarcose
0%
Humero-ulnaire trochleene/ ginglyme
0%
Interphalangienne trochleene/ ginglyme
0%
Femoro-patellaire trochleene/ ginglyme
0%
Radio-ulnaire trochoide
0%
Aucun quiz correspondant
Distribution des résultats
% des personnes avec chaque résultat
Percentile par nombre de réponses
Votre historique - résultats
Vous n’avez pas pris ce quiz depuis la dernière actualisation